The conquest of happiness. (Record no. 62288)

000 -LEADER
fixed length control field 00513nam a22001697a 4500
003 - CONTROL NUMBER IDENTIFIER
control field NUST-PNEC
005 - DATE AND TIME OF LATEST TRANSACTION
control field 20170116180743.0
008 - FIXED-LENGTH DATA ELEMENTS--GENERAL INFORMATION
fixed length control field 150112b xxu||||| |||| 00| 0 eng d
040 ## - CATALOGING SOURCE
Transcribing agency PNEC
082 ## - DEWEY DECIMAL CLASSIFICATION NUMBER
Classification number 158 RUS
100 ## - MAIN ENTRY--PERSONAL NAME
9 (RLIN) 1204
Personal name Russell Bertrand
245 ## - TITLE STATEMENT
Title The conquest of happiness.
Statement of responsibility, etc. Bertrand Russell
260 ## - PUBLICATION, DISTRIBUTION, ETC.
Place of publication, distribution, etc. New York,
Name of publisher, distributor, etc. H. Liveright,
Date of publication, distribution, etc. c1930
300 ## - PHYSICAL DESCRIPTION
Extent 249 pages
Dimensions 21 cm
856 ## - ELECTRONIC LOCATION AND ACCESS
Uniform Resource Identifier <a href="https://www.worldcat.org/title/conquest-of-happiness/oclc/772718&referer=brief_results">https://www.worldcat.org/title/conquest-of-happiness/oclc/772718&referer=brief_results</a>
942 ## - ADDED ENTRY ELEMENTS (KOHA)
Source of classification or shelving scheme
Koha item type Book
Holdings
Withdrawn status Lost status Source of classification or shelving scheme Damaged status Not for loan Permanent Location Current Location Shelving location Date acquired Source of acquisition Cost, normal purchase price Total Checkouts Full call number Barcode Date last seen Cost, replacement price Price effective from Koha item type Date last checked out
          Pakistan Navy Engineering College (PNEC) Pakistan Navy Engineering College (PNEC)   01/19/1993 Services Book Club 225.00   158 RUS PNECLIB-016982 01/12/2015 225.00 01/19/1993 Book  
          Pakistan Navy Engineering College (PNEC) Pakistan Navy Engineering College (PNEC)     Donated By Miss Nighat Ilyas 58.00 1 158 RUS PNECLIB-021199 11/23/2016 58.00   Book 09/08/2016
© 2023 Central Library, National University of Sciences and Technology. All Rights Reserved.